Shine (barbie) - lyrics - Statistics

General Stats
  • This quiz has been taken 19 times
  • The average score is 161 of 210
Answer Stats
Answer % Correct
A
100%
An
100%
And
100%
Go
100%
Shine
100%
(Shine)
100%
The
100%
You
100%
Dance
88%
Heart
88%
Is
88%
See
88%
There
88%
When
88%
Whole
88%
Will
88%
World
88%
Your
88%
Can
75%
Endless
75%
Flow
75%
For
75%
Free
75%
Glow
75%
In
75%
Place
75%
Soul
75%
That
75%
There's
75%
There’s
75%
To
75%
Where
75%
Are
63%
Be
63%
Beauty
63%
Breath
63%
Cause
63%
Courage
63%
Dark
63%
Design
63%
Find
63%
Into
63%
Of
63%
Out
63%
Perfect
63%
Rhythm
63%
Right
63%
Step
63%
Stepping
63%
Take
63%
That's
63%
We
63%
Already
50%
Always
50%
Feet
50%
Grace
50%
Inside
50%
Know
50%
Leap
50%
Make
50%
Only
50%
You'll
50%
Brings
38%
Every
38%
Guide
38%
Hope
38%
Love
38%
New
38%
Somewhere
38%
Spin
38%
Bright
25%
By
25%
Difference
25%
Finding
25%
Light
25%
Magical
25%
Side
25%
Sisters
25%
Making
13%
Sparkling
13%
Suddenly
13%
No matching quizzes found
Score Distribution
Percent of People with Each Score
Percentile by Number Answered
Your Score History
You have not taken this quiz